00000000nam 2200000za 4500
0019.835889
003CaOODSP
00520250611103804
007cr |||||||||||
008170825s2017    onca    o    f000 0 fre d
020 |a978-0-660-08433-6
040 |aCaOODSP|bfre
041 |aeng
041 |afre
043 |an-cn---
0861 |aA72-139/2017-PDF
1101 |aCanada. |bAgriculture et agroalimentaire Canada.
24510|aDairy Processing Investment Fund |h[ressource électronique] : |bhelping the sector adapt to market changes = Fonds d’investissement dans la transformation des produits laitiers : aider l'industrie à s'adapter aux conditions du marché.
24631|aFonds d’investissement dans la transformation des produits laitiers : |baider l'industrie à s'adapter aux conditions du marché
260 |a[Ottawa] : |bAgriculture et agroalimentaire Canada, |cc2017.
300 |a[2] p. : |bill. en coul.
500 |aTitres de départ.
520 |a« Il s’agit d’un programme qui fournit des fonds aux transformateurs de produits laitiers pour leur permettre de faire des investissements afin d’améliorer leur productivité et leur compétitivité, et de se préparer à la mise en Ĺ“uvre de l’Accord économique et commercial global (AECG) entre le Canada et l’Union européenne » -- P. [2].
546 |aTexte en anglais et en français sur les pages suppléants.
69207|2gccst|aIndustrie laitière
69207|2gccst|aAide à l'agriculture
791 |tDairy Processing Investment Fund |eeng|w(CaOODSP)9.835888
85640|qPDF|s579 Ko|uhttps://publications.gc.ca/collections/collection_2017/aac-aafc/A72-139-2017.pdf
986 |a12619B